000 00443nam a2200157 i 4500
001 45991
003 ES-MaACL
005 20230906161318.0
007 t|
008 030327s1973 sp ||||1| spa d
100 1 _aConde López, Alejandro.
_940124
245 1 0 _aSocio-economía de la inflacción /
_cAlejandro Conde López.
260 _aMadrid :
_bIndex,
_c[1973]
300 _aXIX, 379 p. ;
_c25 cm.
852 _aES-MaACL
_jC-53274
_bR.86249
999 _c45991
_d45991